000 00576nam a2200193Ia 4500
008 220531s9999 xx 000 0 und d
041 _amar
082 _bGAG/YEV
100 _aगगनग्रास, ज्यो. सु. / येवले, सुधीर
_985221
245 _aलोकसंख्या आणि समाज
250 _a2ND
260 _aPune
_bNirali
_c2016
300 _a8.1
542 _d24-09-2016
551 _aSociology
_bGrantable-SCO
650 _aSociology
_985222
906 _cS.Y.B.A.
_d2016-2017
_f9463
999 _c46855
_d46855